000 00464nam a2200193Ia 4500
005 20250425162628.0
008 250425s9999 xx 000 0 und d
020 _a9682601487
041 _aspa
100 _aNAVARRA, JOHN GABRIEL
245 0 _aLA ENSEÑANZA DE LAS CIENCIAS NATURALES
250 _a1A ED.
260 _aMEXICO
260 _aMéxico
_bCONTINENTAL
_c1980
300 _a695
700 _aZAFFORONI, JOSEPH
942 _c01
010 _a91358
999 _c233191
_d233191